La Cenicienta / (Record no. 128376)

MARC details
000 -CABECERA
campo de control de longitud fija 00607nam a2200193 u 4500
005 - FECHA Y HORA DE LA ÚLTIMA TRANSACCIÓN
campo de control 20220526063411.0
008 - ELEMENTOS DE LONGITUD FIJA--INFORMACIÓN GENERAL
campo de control de longitud fija 080526s1988 es r 000 0 spa d
020 ## - NÚMERO INTERNACIONAL NORMALIZADO PARA LIBROS
Número Internacional Estándar del Libro 8476471335
035 ## - NÚMERO DE CONTROL DEL SISTEMA
Número de control de sistema UPN01000156262
049 ## - COLECCIÓN
Colección I
050 #4 - SIGNATURA TOPOGRÁFICA DE LA BIBLIOTECA DEL CONGRESO
Número de clasificación PZ8
Número de documento/Ítem P4.4
100 1# - ASIENTO PRINCIPAL--NOMBRE PERSONAL
Nombre de persona Perrault, Charles,
Fechas asociadas al nombre 1628-1703
9 (RLIN) 29829
245 13 - MENCIÓN DE TÍTULO
Título La Cenicienta /
Mención de responsabilidad, etc. Perrault ; il. José Ramón Sánchez ; adap. Julia Tornero, Juan Bautista Fernández.
260 ## - PUBLICACIÓN, DISTRIBUCIÓN, ETC.
Lugar de publicación, distribución, etc. Sevilla, Esp. :
Nombre del editor, distribuidor, etc. Algaida,
Fecha de publicación, distribución, etc. c1988.
300 ## - DESCRIPCIÓN FÍSICA
Extensión 15 p. :
Otras características físicas il. col.
440 #0 - MENCIÓN DE SERIE/ASIENTO SECUNDARIO--TÍTULO
Título Cuentos clásicos
650 #0 - ASIENTO SECUNDARIO DE MATERIA - TERMINO TEMATICO
Término de materia o nombre geográfico como elemento de entrada Cuentos infantiles franceses
9 (RLIN) 8588
905 ## - TIPO DE MATERIAL
Tipo de material Infantil
Holdings
Estado de retiro Estado de pérdida Fuente del sistema de clasificación o colocación Estado dañado No para préstamo Código de colección Localización permanente Ubicación/localización actual Ubicación en estantería Fecha de adquisición Total de préstamos Clasificación Código de barras Fecha visto por última vez Número de copia Tipo de ítem Koha
    Library of Congress Classification     Infantil Bib. Gregorio Torres Quintero Bib. Gregorio Torres Quintero Sala infantil Planta baja 10/05/2023 1 PZ8 P4.4 259089 31/12/2020 1 Libro
    Library of Congress Classification     Infantil Bib. Gregorio Torres Quintero Bib. Gregorio Torres Quintero Sala infantil Planta baja 10/05/2023   PZ8 P4.4 257051 31/12/2020 1 Libro